Film Studio Ghibli - Statistics

Statistiche generali
  • Questo quiz è stato fatto 214 volte
  • Il punteggio medio è 14 su 24
Statistiche sulle risposte
Anno Film % Corretto
2001 La città incantata
92%
1988 Il mio vicino Totoro
91%
2004 Il castello errante di Howl
90%
1992 Porco Rosso
87%
2023 Il ragazzo e l'airone
85%
2008 Ponyo sulla scogliera
75%
2013 Si alza il vento
72%
1997 Principessa Mononoke
71%
1989 Kiki - Consegne a domicilio
69%
1984 Nausicaa della Valle del vento
69%
1986 Laputa - Castello nel cielo
56%
1988 Una tomba per le lucciole
52%
2011 La collina dei papaveri
49%
2014 Quando c'era Marnie
47%
1995 I sospiri del mio cuore
45%
1994 Pom Poko
44%
2013 La storia della Principessa Splendente
43%
2002 La ricompensa del gatto
42%
2010 Arrietty - Il mondo segreto sotto il pavimento
40%
2006 I racconti di Terramare
37%
1991 Pioggia di ricordi
34%
1999 I miei vicini Yamada
33%
1993 Si sente il mare
30%
2020 Earwig e la strega
22%
Nessun quiz corrispondente trovato
Distribuzione punteggi
Percentuale di utenti per punteggio
Percentile per numero di risposta
I tuoi punteggi nel tempo
Non hai fatto questo quiz